[Event "28. Erfurter Schachfestival 2018 - Meist"]
[Site "Erfurt"]
[Date "2018.12.29"]
[Round "6.8"]
[White "Lagunow, Alexander"]
[Black "Hartge, Gedeon"]
[Result "1/2-1/2"]
[WhiteElo "2392"]
[BlackElo "2198"]
[PlyCount "79"]
[EventDate "2018.12.26"]

1. c4 c5 2. Nf3 Nf6 3. Nc3 Nc6 4. d4 cxd4 5. Nxd4 e6 6. Ndb5 d6 7. Bf4 e5 8.
Bg5 a6 9. Bxf6 gxf6 10. Na3 Be6 11. g3 Rc8 12. Bg2 f5 13. e3 Bg7 14. Qd2 O-O
15. O-O Qa5 16. Rac1 Rfd8 17. Qe2 Qc5 18. Nd5 Kf8 19. Rb1 Nb4 20. Qh5 Nxd5 21.
cxd5 Bxd5 22. b4 Qc6 23. Rbc1 Bxg2 24. Rxc6 Bxc6 25. Qxf5 d5 26. f4 e4 27. Rd1
d4 28. b5 Bd5 29. exd4 Kg8 30. Kf2 Rc3 31. Nb1 Rf3+ 32. Ke1 Bc4 33. Nd2 Re3+
34. Kf2 Re2+ 35. Kg1 Bxd4+ 36. Kh1 Bb6 37. Qg5+ Kf8 38. Qh6+ Ke8 39. Qxb6 Bxb5
40. Qf6 1/2-1/2

[Event "28. Erfurter Schachfestival 2018 - Meist"]
[Site "Erfurt"]
[Date "2018.12.29"]
[Round "6.9"]
[White "Stein, Robert"]
[Black "Wiley, Tom E"]
[Result "0-1"]
[WhiteElo "2306"]
[BlackElo "2186"]
[PlyCount "72"]
[EventDate "2018.12.26"]

1. d4 Nf6 2. Nf3 e6 3. c4 b6 4. g3 Ba6 5. b3 b5 6. cxb5 Bxb5 7. Bg2 Bb4+ 8. Bd2
a5 9. O-O O-O 10. Bg5 d5 11. a3 Be7 12. Nc3 Ba6 13. Qc2 Nbd7 14. Na4 h6 15.
Bxf6 Nxf6 16. Rfc1 Bd6 17. e3 Qe7 18. Nc5 Rfb8 19. Rab1 Bb5 20. Nd2 Be8 21. b4
axb4 22. axb4 Rb6 23. Qc3 Rab8 24. Rb2 Bb5 25. Ndb3 Qe8 26. Na5 Qe7 27. Rcb1 e5
28. Nab3 e4 29. h3 h5 30. h4 Ng4 31. Qe1 g5 32. hxg5 Qxg5 33. Nd2 Nxf2 34.
Ndxe4 Nxe4 35. Bxe4 dxe4 36. Nxe4 Qg6 0-1

[Event "28. Erfurter Schachfestival 2018 - Meist"]
[Site "Erfurt"]
[Date "2018.12.29"]
[Round "6.11"]
[White "Weishäutel, Moritz"]
[Black "Schulze, Lara"]
[Result "1-0"]
[WhiteElo "2243"]
[BlackElo "2175"]
[PlyCount "89"]
[EventDate "2018.12.26"]

1. e4 c5 2. Nf3 d6 3. d4 cxd4 4. Nxd4 Nf6 5. Nc3 Nc6 6. Bg5 e6 7. Qd2 a6 8.
O-O-O Bd7 9. f4 b5 10. Bxf6 gxf6 11. Kb1 Qb6 12. Nxc6 Bxc6 13. Qe1 Ra7 14. f5
Qc5 15. Bd3 Rc7 16. Qh4 Be7 17. Qh6 b4 18. Ne2 Qe5 19. Nf4 a5 20. fxe6 fxe6 21.
Ng6 hxg6 22. Qxh8+ Kd7 23. h4 a4 24. Qh6 g5 25. Qg6 a3 26. c3 bxc3 27. Bc2 cxb2
28. hxg5 Qc3 29. e5 fxe5 30. Rh8 d5 31. Rh6 Kd8 32. Rh8+ Kd7 33. Rh6 Kd8 34.
Rh3 Qc4 35. Bb3 Be8 36. Qc2 Qb4 37. Qd3 Bxg5 38. Bc2 e4 39. Qg3 Qc4 40. Qd6+
Rd7 41. Qe5 Bc1 42. Qf6+ Re7 43. Rxa3 Qc5 44. Ra8+ Kc7 45. Qe5+ 1-0

[Event "28. Erfurter Schachfestival 2018 - Meist"]
[Site "Erfurt"]
[Date "2018.12.29"]
[Round "6.12"]
[White "Biebinger, Gerhard"]
[Black "Kucera, Tomas"]
[Result "1-0"]
[WhiteElo "2263"]
[BlackElo "1956"]
[PlyCount "83"]
[EventDate "2018.12.26"]

1. d4 Nf6 2. c4 g6 3. Nc3 Bg7 4. Bf4 O-O 5. e3 d6 6. Nf3 Nbd7 7. h3 c6 8. Be2
h6 9. O-O Qe8 10. Bh2 Qd8 11. b4 a6 12. c5 d5 13. a4 Ne4 14. Nxe4 dxe4 15. Nd2
f5 16. Qb3+ Kh8 17. Nc4 Qe8 18. Rad1 g5 19. Qc2 Qg6 20. f3 exf3 21. Rxf3 Qe6
22. Kh1 a5 23. b5 Qg8 24. Rxf5 Rxf5 25. Qxf5 Nf6 26. Qb1 Nd5 27. Rc1 Bf6 28.
Qe4 Be6 29. Bg4 Bf7 30. Ne5 Be8 31. Be6 Qh7 32. Bxd5 cxd5 33. Qxd5 Bg6 34.
Nxg6+ Qxg6 35. Qxb7 Rg8 36. Qf3 h5 37. g4 hxg4 38. hxg4 Kg7 39. c6 Rh8 40. Rf1
Qh7 41. Rf2 Qb1+ 42. Kg2 1-0

[Event "28. Erfurter Schachfestival 2018 - Meist"]
[Site "Erfurt"]
[Date "2018.12.29"]
[Round "6.13"]
[White "Rensch, Toralf"]
[Black "Lubbe, Melanie"]
[Result "1/2-1/2"]
[WhiteElo "2101"]
[BlackElo "2345"]
[PlyCount "115"]
[EventDate "2018.12.26"]

1. e4 c5 2. Nf3 g6 3. g3 Bg7 4. Bg2 Nc6 5. Nc3 d6 6. d3 e6 7. Be3 Nge7 8. O-O
O-O 9. Qd2 Nd4 10. Bh6 Rb8 11. Bxg7 Kxg7 12. Nxd4 cxd4 13. Ne2 e5 14. c3 dxc3
15. bxc3 Be6 16. Qe3 Qa5 17. Rfb1 Nc8 18. Rb2 Nb6 19. Bf1 Na4 20. Rc2 Rfc8 21.
Rac1 b5 22. d4 Nb6 23. f3 Nc4 24. Qf2 Rc7 25. f4 Bg4 26. fxe5 dxe5 27. dxe5
Bxe2 28. Qf6+ Kg8 29. Bxe2 Qb6+ 30. Qxb6 Rxb6 31. Kf2 Nxe5 32. Ke3 Kg7 33. c4
bxc4 34. Bxc4 Ng4+ 35. Kd4 Rb4 36. h3 Nf6 37. Kd3 Rd7+ 38. Kc3 a5 39. Re1 Re7
40. a3 Rb6 41. e5 Nd7 42. Kd4 Nf8 43. Re3 Rd7+ 44. Ke4 Rb1 45. Bb3 Re7 46. Rc5
Ra7 47. a4 Nd7 48. Rb5 Rc1 49. Kd4 h5 50. e6 fxe6 51. Rxe6 Nf6 52. Rd6 Rg1 53.
Rbb6 Rf1 54. Bc2 Rc7 55. Bd3 Rf3 56. Be4 Rf1 57. Bd3 Rf3 58. Be4 1/2-1/2

[Event "28. Erfurter Schachfestival 2018 - Meist"]
[Site "Erfurt"]
[Date "2018.12.29"]
[Round "6.14"]
[White "Garzinsky, Dominik"]
[Black "Wichmann, Cliff"]
[Result "0-1"]
[WhiteElo "2085"]
[BlackElo "2266"]
[PlyCount "68"]
[EventDate "2018.12.26"]

1. c4 Nf6 2. g3 g6 3. Bg2 Bg7 4. Nc3 O-O 5. d3 c6 6. Qc2 d5 7. cxd5 cxd5 8. Bd2
Nc6 9. Nf3 Bg4 10. O-O Rc8 11. Qa4 Qd7 12. Rfc1 e5 13. Bg5 d4 14. Nb5 h6 15.
Bd2 e4 16. Ne1 Bxe2 17. Qa3 Rfd8 18. Qb3 exd3 19. Nxd3 Qf5 20. Nc5 Ne5 21. Nxb7
Bxb5 22. Nxd8 Rxd8 23. f4 Neg4 24. Rc7 Bd7 25. Re1 Be6 26. Qa3 Nd5 27. Be4 Qh5
28. h4 Nxc7 29. Ba5 Bf8 30. b4 Nb5 31. Qd3 Rc8 32. Bxg6 fxg6 33. Rxe6 Rc1+ 34.
Kg2 Qd5+ 0-1

[Event "28. Erfurter Schachfestival 2018 - Meist"]
[Site "Erfurt"]
[Date "2018.12.29"]
[Round "6.15"]
[White "Ronge, Tim Hendrick"]
[Black "Zeier, Klaus"]
[Result "1/2-1/2"]
[WhiteElo "2069"]
[BlackElo "2247"]
[PlyCount "134"]
[EventDate "2018.12.26"]

1. d4 Nf6 2. c4 e6 3. Nc3 Bb4 4. g3 O-O 5. Bg2 d5 6. Nf3 c5 7. O-O Nc6 8. dxc5
dxc4 9. Qa4 Qa5 10. Qxa5 Bxa5 11. Nb5 e5 12. Nd6 c3 13. bxc3 Bxc3 14. Rb1 Be6
15. Ng5 Bxa2 16. Rxb7 Bd5 17. Nge4 Nxe4 18. Nxe4 Bxe4 19. Bxe4 Rac8 20. Ba3 a5
21. Rc1 Bd2 22. Rcb1 Bb4 23. Bxb4 Nxb4 24. Rb5 Na2 25. Bb7 Rc7 26. Rxa5 Nc3 27.
Rb2 Nxe2+ 28. Rxe2 Rxb7 29. Rxe5 Rc8 30. Ra1 Kf8 31. Rc1 Rb5 32. Kg2 f6 33. Rh5
h6 34. Kf3 g6 35. Rd5 Kf7 36. Rd7+ Ke6 37. Rd6+ Kf7 38. c6 Re5 39. Rd7+ Re7 40.
Rb7 Rcc7 41. Rxc7 Rxc7 42. Ke4 Ke6 43. g4 Kd6 44. h4 Re7+ 45. Kf4 Kc7 46. Rc5
Re2 47. f3 g5+ 48. hxg5 fxg5+ 49. Kf5 Rh2 50. Kg6 Rh1 51. Rc3 Rh2 52. Kf5 Re2
53. f4 gxf4 54. Kxf4 Re6 55. Kf5 Rd6 56. Rc5 Rd4 57. Re5 Kxc6 58. Re6+ Kd7 59.
Rxh6 Ke7 60. Rh7+ Kf8 61. Ra7 Kg8 62. g5 Rb4 63. Kg6 Rb6+ 64. Kh5 Rc6 65. g6
Rc1 66. Ra8+ Kg7 67. Ra7+ Kg8 1/2-1/2

[Event "28. Erfurter Schachfestival 2018 - Meist"]
[Site "Erfurt"]
[Date "2018.12.29"]
[Round "6.16"]
[White "Mooser, Nicolas"]
[Black "Schulz, Karsten"]
[Result "1/2-1/2"]
[WhiteElo "2032"]
[BlackElo "2240"]
[PlyCount "65"]
[EventDate "2018.12.26"]

1. d4 g6 2. c4 Bg7 3. Nf3 d6 4. g3 e5 5. Bg2 exd4 6. Nxd4 Ne7 7. O-O Nbc6 8.
Nb3 O-O 9. Nc3 Ne5 10. c5 dxc5 11. Nxc5 c6 12. e4 b6 13. Nb3 Bg4 14. Qc2 Qd3
15. Qxd3 Nxd3 16. h3 Be6 17. Rd1 Nxc1 18. Raxc1 Rfd8 19. f4 Bxb3 20. axb3 Rd4
21. Kf2 Rad8 22. Ke2 Kf8 23. Rxd4 Rxd4 24. Ra1 a5 25. Rd1 Ke8 26. Rxd4 Bxd4 27.
Kd3 Bxc3 28. bxc3 Kd7 29. Kd4 f6 30. Bf3 Ke6 31. Be2 Kd6 32. Bf3 Ke6 33. Be2
1/2-1/2

[Event "28. Erfurter Schachfestival 2018 - Meist"]
[Site "Erfurt"]
[Date "2018.12.29"]
[Round "6.17"]
[White "Rollot, Florence"]
[Black "Wiebe, Patrick"]
[Result "0-1"]
[WhiteElo "1958"]
[BlackElo "2236"]
[PlyCount "90"]
[EventDate "2018.12.26"]

1. Nf3 d5 2. c4 c6 3. b3 Nf6 4. Bb2 Bf5 5. d3 Nbd7 6. g3 h6 7. Nbd2 e6 8. Bg2
Be7 9. O-O O-O 10. Re1 Bh7 11. Qc2 a5 12. a3 Qb6 13. Bd4 Bc5 14. Bxc5 Qxc5 15.
Qb2 Qb6 16. h3 Rfe8 17. e4 Nc5 18. Ne5 dxe4 19. dxe4 Red8 20. Qc3 Nfd7 21. Nef3
Nf6 22. Ne5 Qc7 23. Re3 Rxd2 24. Qxd2 Qxe5 25. Rae1 Qc7 26. e5 Rd8 27. Qc3 Ne8
28. b4 axb4 29. axb4 Na4 30. Qb3 Nb6 31. Rc1 Rd4 32. b5 c5 33. f4 h5 34. h4 Bf5
35. Bf3 g6 36. Rcc3 Ng7 37. Qa2 Bg4 38. Bxg4 hxg4 39. Re1 Nf5 40. Qe2 Qd7 41.
Qxg4 Rd2 42. Rf3 Qd4+ 43. Kh1 Nxc4 44. h5 Nxe5 45. Rxe5 Qa1+ 0-1

[Event "28. Erfurter Schachfestival 2018 - Meist"]
[Site "Erfurt"]
[Date "2018.12.29"]
[Round "6.18"]
[White "Falk, Kristoffer"]
[Black "Feldmann, Johannes"]
[Result "0-1"]
[WhiteElo "1997"]
[BlackElo "2212"]
[PlyCount "100"]
[EventDate "2018.12.26"]

1. d4 Nf6 2. Nf3 b6 3. c4 Bb7 4. g3 e6 5. Bg2 Be7 6. O-O O-O 7. Re1 Na6 8. a3
d5 9. cxd5 exd5 10. Nc3 Re8 11. Bf4 c6 12. Rc1 Nc7 13. Ne5 Ne6 14. Be3 Bd6 15.
Nf3 h6 16. h3 Rb8 17. Qc2 a6 18. b4 a5 19. Rb1 axb4 20. axb4 b5 21. Bd2 Bf8 22.
Qd3 Qb6 23. e3 Ra8 24. Rec1 Bd6 25. Ne1 Ng5 26. Nc2 Bc8 27. Kh2 Bd7 28. Ra1
Rxa1 29. Rxa1 h5 30. h4 Nge4 31. Nxe4 dxe4 32. Qe2 Qc7 33. Be1 Bg4 34. f3 exf3
35. Bxf3 Qd7 36. Qg2 Bxf3 37. Qxf3 Qe6 38. Ra3 Nd5 39. Qxh5 Qe4 40. Ra2 Nxe3
41. Nxe3 Qxe3 42. Bf2 Qe6 43. Rb2 Qc4 44. Qf5 Bxb4 45. h5 Bf8 46. Rc2 Qd5 47.
Qg4 Re4 48. Qh3 b4 49. g4 Bd6+ 50. Kg1 Rxd4 0-1

[Event "28. Erfurter Schachfestival 2018 - Meist"]
[Site "Erfurt"]
[Date "2018.12.29"]
[Round "6.19"]
[White "Kaunzinger, Albert"]
[Black "Schupp, Uwe"]
[Result "1-0"]
[WhiteElo "2206"]
[BlackElo "2103"]
[PlyCount "70"]
[EventDate "2018.12.26"]

1. Nc3 d6 2. d4 Nf6 3. Bf4 Bf5 4. f3 h6 5. e4 Bh7 6. Bd3 e6 7. Nge2 Be7 8. Qd2
a6 9. O-O-O Nc6 10. g4 e5 11. Be3 b5 12. h4 h5 13. g5 Nd7 14. f4 Nb6 15. f5 Na5
16. d5 Rc8 17. Bxb6 cxb6 18. Ng3 b4 19. Nce2 b3 20. Kb1 bxa2+ 21. Ka1 Nc4 22.
Bxc4 Rxc4 23. b3 Rc5 24. Kb2 Qc7 25. Ra1 O-O 26. Rxa2 Rc8 27. c3 Qb7 28. Nxh5
Bxf5 29. exf5 Rxd5 30. Qe3 Rb5 31. Rd1 Qg2 32. f6 Bd8 33. fxg7 Rxc3 34. Kxc3 d5
35. Kb2 Bc7 1-0

[Event "28. Erfurter Schachfestival 2018 - Meist"]
[Site "Erfurt"]
[Date "2018.12.29"]
[Round "6.20"]
[White "Nguyen, Huy Dat"]
[Black "Pubantz, Jan"]
[Result "1-0"]
[WhiteElo "2178"]
[BlackElo "2102"]
[PlyCount "97"]
[EventDate "2018.12.26"]

1. e4 c5 2. Nf3 d6 3. Bc4 Nf6 4. d3 e6 5. Bb3 Be7 6. c3 Nc6 7. Qe2 O-O 8. O-O
b5 9. Re1 Rb8 10. Nbd2 b4 11. Nf1 Ba6 12. Ng3 d5 13. e5 Nd7 14. Bf4 bxc3 15.
bxc3 c4 16. dxc4 Na5 17. Nd4 Bg5 18. Qg4 Bxf4 19. Qxf4 Bxc4 20. Bc2 Nc5 21. Re3
f5 22. Nh5 Rf7 23. Rg3 Kh8 24. Re1 Rb2 25. Bxf5 Nd3 26. Bxd3 Rxf4 27. Nxf4 Bxd3
28. Nxd3 Rb6 29. Nf4 Qe8 30. h4 Nc4 31. Rd3 Qf7 32. g3 g6 33. Nh3 h6 34. Rf3
Qg7 35. Kg2 Nxe5 36. Rfe3 Ng4 37. Rxe6 Rxe6 38. Rxe6 Qf7 39. Nf4 Nf6 40. Re7
Qg8 41. Rxa7 g5 42. hxg5 hxg5 43. Nfe6 Qg6 44. Ra8+ Ng8 45. Rf8 g4 46. Rf5 Ne7
47. Nf4 Qa6 48. Rf7 Qh6 49. Rxe7 1-0

[Event "28. Erfurter Schachfestival 2018 - Meist"]
[Site "Erfurt"]
[Date "2018.12.28"]
[Round "5.2"]
[White "Carlstedt, Jonathan"]
[Black "Muckle, Julius"]
[Result "1/2-1/2"]
[WhiteElo "2412"]
[BlackElo "2349"]
[PlyCount "122"]
[EventDate "2018.12.26"]

1. d4 d5 2. Nf3 Nf6 3. c4 c6 4. cxd5 cxd5 5. Nc3 Nc6 6. Bf4 Bf5 7. Qb3 Na5 8.
Qa4+ Bd7 9. Qc2 Rc8 10. e3 b5 11. a3 Ne4 12. Bd3 Nxc3 13. bxc3 Nc4 14. O-O e6
15. e4 dxe4 16. Bxe4 Bd6 17. Bg3 Bxg3 18. hxg3 h6 19. Bd3 Nd6 20. a4 Qc7 21.
Rfc1 a6 22. Ne5 O-O 23. Qe2 f6 24. Ng6 Rfe8 25. Bb1 Bc6 26. Nf4 Bd5 27. Qh5 Be4
28. axb5 Bxb1 29. b6 Qxb6 30. Raxb1 Qa7 31. Qe2 e5 32. Qa2+ Qf7 33. Qxa6 Rcd8
34. Ne2 e4 35. Rb2 h5 36. c4 e3 37. fxe3 Rxe3 38. c5 Nf5 39. Qc4 Rde8 40. Qxf7+
Kxf7 41. Kf2 Nh6 42. c6 Ng4+ 43. Ke1 Ke6 44. Rb7 Ra8 45. Rc2 g5 46. Kd2 Rc8 47.
Rg7 Rb3 48. Nc3 Kf5 49. Nd5 Ke4 50. Ne7 Rc7 51. d5 Ne3 52. Nf5 Nxd5 53. Rd7
Kxf5 54. Rxd5+ Ke6 55. Rd3 Rb6 56. Rdc3 Rb5 57. Rc4 Kd5 58. R4c3 Rb4 59. Ke3
Rb6 60. Rc5+ Ke6 61. Kd4 Rb4+ 1/2-1/2

[Event "28. Erfurter Schachfestival 2018 - Meist"]
[Site "Erfurt"]
[Date "2018.12.28"]
[Round "5.3"]
[White "Engers, Felix"]
[Black "Lagunow, Raphael"]
[Result "1/2-1/2"]
[WhiteElo "2117"]
[BlackElo "2409"]
[PlyCount "45"]
[EventDate "2018.12.26"]

1. c4 e6 2. g3 d5 3. Nf3 dxc4 4. Qa4+ c6 5. Qxc4 b5 6. Qc2 Bb7 7. d4 Nd7 8. a4
a6 9. axb5 axb5 10. Rxa8 Qxa8 11. Nc3 c5 12. dxc5 b4 13. Nb5 Qa5 14. Nd6+ Bxd6
15. cxd6 Ngf6 16. Bg2 O-O 17. O-O Rc8 18. Qd2 Be4 19. Nd4 Qb6 20. Bxe4 Nxe4 21.
Qd3 Nxd6 22. Be3 Nc5 23. Qc2 1/2-1/2

[Event "28. Erfurter Schachfestival 2018 - Meist"]
[Site "Erfurt"]
[Date "2018.12.28"]
[Round "5.4"]
[White "Möhn, Hans"]
[Black "Mooser, Stefan"]
[Result "1/2-1/2"]
[WhiteElo "2364"]
[BlackElo "2255"]
[PlyCount "96"]
[EventDate "2018.12.26"]

1. Nf3 d5 2. g3 Nf6 3. Bg2 e6 4. O-O Be7 5. c4 O-O 6. d4 c6 7. Qc2 b6 8. Rd1
Bb7 9. b3 Nbd7 10. Nc3 Rc8 11. e4 c5 12. exd5 exd5 13. Bb2 Re8 14. dxc5 dxc4
15. b4 bxc5 16. b5 Qc7 17. a4 Bf8 18. Nb1 a6 19. Na3 axb5 20. Nxb5 Qb8 21. Qxc4
Bd5 22. Qc2 Qb7 23. Nh4 Bxg2 24. Nxg2 c4 25. Bd4 Ne5 26. Ne1 Bb4 27. Nc3 Bc5
28. Bxc5 Rxc5 29. Rab1 Qc6 30. Rb5 Rxb5 31. Nxb5 Ne4 32. Nd4 Qa8 33. h4 Nc5 34.
Kh2 Qxa4 35. Qxa4 Nxa4 36. Nec2 g6 37. Kg2 Rc8 38. Rb1 Nc5 39. Rb5 Ng4 40. Kf3
h5 41. Kg2 Nd3 42. f3 Nge5 43. Rb6 Ra8 44. f4 Ng4 45. Rc6 Nb2 46. Kf3 Re8 47.
Rc7 Nd3 48. f5 Rb8 1/2-1/2

[Event "28. Erfurter Schachfestival 2018 - Meist"]
[Site "Erfurt"]
[Date "2018.12.28"]
[Round "5.5"]
[White "Stein, Robert"]
[Black "Steinacker, Alex"]
[Result "1/2-1/2"]
[WhiteElo "2306"]
[BlackElo "2278"]
[PlyCount "52"]
[EventDate "2018.12.26"]

1. d4 g6 2. Nf3 Nf6 3. g3 Bg7 4. Bg2 O-O 5. O-O d6 6. b3 Nc6 7. Bb2 Rb8 8. Nbd2
a6 9. h3 Re8 10. e4 e5 11. d5 Na7 12. Ne1 b5 13. Nd3 c6 14. dxc6 Nxc6 15. c4
Be6 16. Rc1 Qb6 17. Qe2 Nd7 18. Rfd1 Bh6 19. Rc2 Nc5 20. Bc3 Red8 21. cxb5 axb5
22. Nb4 Ra8 23. Nxc6 Qxc6 24. Nf1 Qb6 25. Bd2 Bxd2 26. Rcxd2 Ra6 1/2-1/2

[Event "28. Erfurter Schachfestival 2018 - Meist"]
[Site "Erfurt"]
[Date "2018.12.28"]
[Round "5.6"]
[White "Biebinger, Gerhard"]
[Black "Lubbe, Nikolas"]
[Result "0-1"]
[WhiteElo "2263"]
[BlackElo "2449"]
[PlyCount "168"]
[EventDate "2018.12.26"]

1. Nf3 d5 2. d4 Nf6 3. c4 e6 4. cxd5 exd5 5. Nc3 c6 6. Bf4 Nbd7 7. e3 Nh5 8.
Bg5 Be7 9. Bxe7 Qxe7 10. Bd3 g6 11. O-O O-O 12. Rb1 a5 13. a3 f5 14. Qc2 Nhf6
15. b4 axb4 16. axb4 b5 17. Ne2 Bb7 18. Rb3 Ra4 19. Rfb1 Rfa8 20. Nf4 Ne4 21.
Bf1 Nb6 22. Nd3 Nc4 23. Qc1 Ra2 24. Qe1 Ncd2 25. Nxd2 Nxd2 26. R3b2 Nxb1 27.
Rxa2 Rxa2 28. Qxb1 Ra8 29. Qc1 Qd6 30. h4 Bc8 31. g3 Bd7 32. Qc3 Be8 33. Bg2
Kg7 34. Bf3 Qe7 35. Kg2 Ra2 36. Ne5 Ra4 37. Nd3 Qa7 38. Bd1 Ra3 39. Bb3 Qe7 40.
Ne5 Qd6 41. Nd3 Kf6 42. Qb2 Ra7 43. Bd1 Ke7 44. Ne5 Kd8 45. Be2 Ra4 46. Nd3 Qe7
47. Nc5 Ra8 48. Bd3 Qa7 49. Qe2 Kc7 50. Qf3 Kb6 51. Qf4 Qc7 52. Qh6 Qe7 53. Qf4
Qc7 54. Qh6 Ra7 55. Be2 Ra2 56. Bf3 Qe7 57. Qf4 Ka7 58. Bd1 Rb2 59. Bb3 Ka8 60.
Kg1 Rb1+ 61. Kg2 Rb2 62. Kg1 Rb1+ 63. Kg2 Ra1 64. Bc2 Ra2 65. Bb3 Ra7 66. Bc2
Bd7 67. Kg1 Bc8 68. Kg2 Qc7 69. Qh6 Qd6 70. Qg5 Rc7 71. Bd3 Ka7 72. Kg1 Kb6 73.
Bc2 Qe7 74. Qf4 Qg7 75. Kf1 h6 76. Qd6 g5 77. h5 f4 78. gxf4 gxf4 79. Qxf4 Qg4
80. Qxg4 Bxg4 81. Bg6 Bf3 82. Kg1 Rg7 83. Kh2 Rg8 84. Kg3 Bxh5 0-1

[Event "28. Erfurter Schachfestival 2018 - Meist"]
[Site "Erfurt"]
[Date "2018.12.28"]
[Round "5.7"]
[White "Zeier, Klaus"]
[Black "Osmanodja, Filiz"]
[Result "0-1"]
[WhiteElo "2247"]
[BlackElo "2318"]
[PlyCount "102"]
[EventDate "2018.12.26"]

1. e4 e5 2. Nf3 Nc6 3. Bb5 a6 4. Ba4 Nf6 5. O-O b5 6. Bb3 Be7 7. Re1 d6 8. c3
O-O 9. h3 Nb8 10. d4 Nbd7 11. Bc2 Re8 12. Nbd2 Bb7 13. Nf1 Bf8 14. Ng3 g6 15.
a4 Bg7 16. Bd3 c6 17. Bg5 Nf8 18. Qd2 Ne6 19. Bh6 Nd7 20. axb5 axb5 21. Rxa8
Bxa8 22. Be3 Qb8 23. Ra1 Nb6 24. b3 Rd8 25. Qc2 exd4 26. Nxd4 Nc5 27. Be2 Re8
28. Bf3 Nbd7 29. Rd1 Bb7 30. c4 bxc4 31. bxc4 Qc7 32. Nb3 Nxb3 33. Qxb3 c5 34.
Bf4 Ne5 35. Be2 h5 36. Rb1 Ba8 37. Qb6 Qe7 38. Rd1 h4 39. Nf1 Nxc4 40. Qb5 Qxe4
41. Bf3 Qe6 42. Nd2 Nxd2 43. Rxd2 Bxf3 44. gxf3 Ra8 45. Re2 Qxh3 46. Re8+ Rxe8
47. Qxe8+ Kh7 48. Qe7 d5 49. Bd2 Qxf3 50. Qxh4+ Qh5 51. Qf4 c4 0-1

[Event "28. Erfurter Schachfestival 2018 - Meist"]
[Site "Erfurt"]
[Date "2018.12.28"]
[Round "5.8"]
[White "Wiebe, Patrick"]
[Black "Derichs, Roger"]
[Result "0-1"]
[WhiteElo "2236"]
[BlackElo "2295"]
[PlyCount "94"]
[EventDate "2018.12.26"]

1. c4 e6 2. g3 f5 3. Bg2 Nf6 4. Nf3 d5 5. O-O c6 6. Qc2 Be7 7. b3 O-O 8. Bb2
Na6 9. a3 Bd7 10. d3 Be8 11. Nbd2 Nc7 12. Ne5 Bh5 13. Rae1 Nd7 14. Ndf3 Bxf3
15. Nxf3 Bf6 16. e4 Bxb2 17. Qxb2 Nc5 18. Ne5 f4 19. b4 Na4 20. Qa1 Nb6 21.
gxf4 Rxf4 22. Re3 Qf6 23. a4 Rd8 24. a5 Nc8 25. a6 Nxa6 26. Nxc6 bxc6 27. Qxa6
d4 28. e5 Qe7 29. Rg3 Qxb4 30. Qxc6 Qb6 31. Qa4 Ne7 32. Be4 Qc7 33. Rb1 Qxe5
34. Qxa7 Rf7 35. Qb6 Rdf8 36. Qb2 Nf5 37. Rg4 Nd6 38. Rf1 g6 39. f3 Rf4 40. Qg2
Rxg4 41. fxg4 Rf4 42. Qg3 Nxe4 43. dxe4 g5 44. Kh1 Kg7 45. Qb3 Rxg4 46. Qb7+
Kh6 47. c5 Rf4 0-1

[Event "28. Erfurter Schachfestival 2018 - Meist"]
[Site "Erfurt"]
[Date "2018.12.28"]
[Round "5.9"]
[White "Hartge, Gedeon"]
[Black "Pallas, Sebastian"]
[Result "1/2-1/2"]
[WhiteElo "2198"]
[BlackElo "2292"]
[PlyCount "46"]
[EventDate "2018.12.26"]

1. d4 Nf6 2. c4 g6 3. f3 d5 4. cxd5 Nxd5 5. e4 Nb6 6. Nc3 Bg7 7. Be3 O-O 8. f4
f5 9. e5 Be6 10. Nf3 Nd5 11. Bc4 Kh8 12. Qe2 c6 13. h4 h5 14. Kf2 Bh6 15. g3
Nd7 16. Bxd5 Bxd5 17. Nxd5 cxd5 18. Rhc1 Qb6 19. Rc3 Rac8 20. Rac1 Rc6 21. Rb3
Qc7 22. Rxc6 bxc6 23. Qa6 Nb6 1/2-1/2

[Event "28. Erfurter Schachfestival 2018 - Meist"]
[Site "Erfurt"]
[Date "2018.12.28"]
[Round "5.10"]
[White "Pubantz, Jan"]
[Black "Schiffer, Stefan"]
[Result "0-1"]
[WhiteElo "2102"]
[BlackElo "2264"]
[PlyCount "118"]
[EventDate "2018.12.26"]

1. d4 d5 2. c4 Nc6 3. Nf3 Bg4 4. Nc3 e6 5. cxd5 exd5 6. Bf4 Bb4 7. e3 Nf6 8.
Be2 Ne4 9. Rc1 O-O 10. O-O Bxc3 11. bxc3 Ne7 12. h3 Bxf3 13. Bxf3 c6 14. c4 Ng6
15. cxd5 Qxd5 16. Qc2 Rfe8 17. Be5 f5 18. Bxe4 fxe4 19. Bg3 Re6 20. Qb3 Qxb3
21. axb3 Ne7 22. Rc4 a6 23. Rfc1 Kf7 24. Kf1 Rd8 25. Bh4 Rd5 26. Bxe7 Kxe7 27.
Rc5 Red6 28. f3 exf3 29. gxf3 Kd7 30. Kf2 b6 31. Rxd5 cxd5 32. Rg1 g6 33. Ke2
a5 34. Kd3 Rf6 35. Rf1 Kc6 36. e4 dxe4+ 37. Kxe4 Re6+ 38. Kd3 Kd5 39. h4 Rf6
40. f4 Rf5 41. Ke3 Rf7 42. Rg1 Rf5 43. Rg2 Rh5 44. Rh2 h6 45. Rg2 Rxh4 46. Rxg6
Rh3+ 47. Ke2 Rxb3 48. Rxh6 Kxd4 49. Re6 Rb5 50. Kd2 Rd5 51. Kc2 b5 52. Kb3 Kc5
53. Re4 Rd3+ 54. Kc2 Rd4 55. Re5+ Kc4 56. f5 Rf4 57. Kb2 a4 58. Re8 Rf2+ 59.
Kb1 Rxf5 0-1

[Event "28. Erfurter Schachfestival 2018 - Meist"]
[Site "Erfurt"]
[Date "2018.12.28"]
[Round "5.11"]
[White "Rewitz, Poul"]
[Black "Garzinsky, Dominik"]
[Result "1-0"]
[WhiteElo "2240"]
[BlackElo "2085"]
[PlyCount "51"]
[EventDate "2018.12.26"]

1. Nf3 g6 2. g3 Bg7 3. Bg2 c5 4. O-O Nc6 5. c3 d6 6. d4 Bf5 7. d5 Na5 8. e4 Bd7
9. Nbd2 b5 10. Re1 e5 11. dxe6 fxe6 12. Nb3 Nc4 13. e5 Rc8 14. exd6 Nh6 15. Ng5
O-O 16. Nxe6 Qf6 17. Nxf8 Rxf8 18. Bf4 g5 19. Qd5+ Nf7 20. Nxc5 Bf5 21. Be3
Nxb2 22. Bd4 Qg6 23. Bxg7 Kxg7 24. Re7 Rd8 25. d7 Nc4 26. Nb7 1-0

[Event "28. Erfurter Schachfestival 2018 - Meist"]
[Site "Erfurt"]
[Date "2018.12.28"]
[Round "5.12"]
[White "Wichmann, Cliff"]
[Black "Weishäutel, Moritz"]
[Result "1/2-1/2"]
[WhiteElo "2266"]
[BlackElo "2243"]
[PlyCount "38"]
[EventDate "2018.12.26"]

1. d4 Nf6 2. Nf3 d5 3. c4 e6 4. g3 Be7 5. Bg2 O-O 6. Qc2 c5 7. dxc5 Qa5+ 8. Qc3
Qxc5 9. cxd5 Nxd5 10. Qxc5 Bxc5 11. O-O Nc6 12. Nbd2 b6 13. Ne4 Be7 14. Bd2 Ba6
15. Rfc1 Rac8 16. Bf1 Rfd8 17. a3 Nf6 18. Nxf6+ Bxf6 19. Bc3 Bxc3 1/2-1/2

[Event "28. Erfurter Schachfestival 2018 - Meist"]
[Site "Erfurt"]
[Date "2018.12.28"]
[Round "5.13"]
[White "Klaus, Christian"]
[Black "Lagunow, Alexander"]
[Result "0-1"]
[WhiteElo "2141"]
[BlackElo "2392"]
[PlyCount "76"]
[EventDate "2018.12.26"]

1. e4 c5 2. c4 Nc6 3. Nc3 g6 4. g3 Bg7 5. Bg2 e6 6. Nge2 Nge7 7. O-O O-O 8. Rb1
d5 9. exd5 exd5 10. cxd5 Nb4 11. a3 Nbxd5 12. Nxd5 Nxd5 13. d4 c4 14. Nc3 Ne7
15. Bg5 h6 16. Bxe7 Qxe7 17. Nd5 Qd6 18. Ne3 Rd8 19. Nxc4 Qxd4 20. Qxd4 Rxd4
21. b3 Bf5 22. Rbd1 Rad8 23. Rxd4 Bxd4 24. Bxb7 Rb8 25. Bd5 Rxb3 26. Nd6 Rxa3
27. Bxf7+ Kg7 28. Nxf5+ gxf5 29. Bc4 Rc3 30. Ba6 Kf6 31. Kg2 Rc2 32. Kf3 Rd2
33. h3 Ra2 34. Bd3 a5 35. Be2 a4 36. Rb1 a3 37. Rb5 Rd2 38. Ra5 a2 0-1

[Event "28. Erfurter Schachfestival 2018 - Meist"]
[Site "Erfurt"]
[Date "2018.12.28"]
[Round "5.14"]
[White "Schulz, Karsten"]
[Black "Ronge, Tim Hendrick"]
[Result "1/2-1/2"]
[WhiteElo "2240"]
[BlackElo "2069"]
[PlyCount "61"]
[EventDate "2018.12.26"]

1. Nf3 Nf6 2. g3 e6 3. Bg2 d5 4. c4 dxc4 5. O-O Nbd7 6. Qa4 a6 7. Qxc4 b5 8.
Qc2 Bb7 9. b3 Be7 10. Bb2 O-O 11. d3 c5 12. Nbd2 Rc8 13. Rac1 Nd5 14. Rfd1 Bf6
15. Ne4 Bxb2 16. Qxb2 Qe7 17. a3 Rfd8 18. Rc2 N7f6 19. Nxf6+ Nxf6 20. Rdc1 h6
21. Ne5 Bxg2 22. Kxg2 Rc7 23. a4 Nd5 24. d4 Rdc8 25. axb5 axb5 26. Rxc5 Rxc5
27. dxc5 Rxc5 28. Nd3 Qb7 29. Kg1 Rxc1+ 30. Qxc1 Qa6 31. Qc2 1/2-1/2